<?xml version="1.0" encoding="UTF-8"?>
<record
    xmlns:xsi="http://www.w3.org/2001/XMLSchema-instance"
    xsi:schemaLocation="http://www.loc.gov/MARC21/slim http://www.loc.gov/standards/marcxml/schema/MARC21slim.xsd"
    xmlns="http://www.loc.gov/MARC21/slim">

  <leader>00757nam a22001577a 4500</leader>
  <controlfield tag="003">OSt</controlfield>
  <controlfield tag="005">20151024104745.0</controlfield>
  <controlfield tag="008">151024b        xxu||||| |||| 00| 0 eng d</controlfield>
  <datafield tag="040" ind1=" " ind2=" ">
    <subfield code="c">RUA </subfield>
  </datafield>
  <datafield tag="082" ind1=" " ind2=" ">
    <subfield code="a">AVM HUC 2012 B0101 Or.1</subfield>
  </datafield>
  <datafield tag="100" ind1=" " ind2=" ">
    <subfield code="9">2750</subfield>
    <subfield code="a">HUCH CHANTHO</subfield>
  </datafield>
  <datafield tag="245" ind1=" " ind2=" ">
    <subfield code="a">The survey study on caring for the new born piglets until weaning in pao sinob farm in korng pisey, kampong soue province, (&#x1780;&#x17B6;&#x179A;&#x179F;&#x17B7;&#x1780;&#x17D2;&#x179F;&#x17B6;&#x1796;&#x17B8;&#x1787;&#x17C6;&#x1784;&#x17BA;&#x179A;&#x17B6;&#x1780;&#x1780;&#x17BC;&#x1793;&#x1787;&#x17D2;&#x179A;&#x17BC;&#x1780;&#x1796;&#x17C1;&#x179B;&#x1780;&#x17BE;&#x178F;&#x178A;&#x179B;&#x17CB;&#x1795;&#x17D2;&#x178A;&#x17B6;&#x1785;&#x17CB;&#x178A;&#x17C4;&#x17C7; &#x1793;&#x17C5;&#x1780;&#x179F;&#x178A;&#x17D2;&#x178C;&#x17B6;&#x1793; &#x1796;&#x17C5; &#x179F;&#x17CA;&#x17B8;&#x178E;&#x17BB;&#x1794; &#x179F;&#x17D2;&#x179A;&#x17BB;&#x1780;&#x1782;&#x1784;&#x1796;&#x17B7;&#x179F;&#x17B8; &#x1781;&#x17C1;&#x178F;&#x17D2;&#x178F;&#x1780;&#x17C6;&#x1796;&#x1784;&#x17CB;&#x179F;&#x17D2;&#x1796;&#x17BA;)</subfield>
  </datafield>
  <datafield tag="260" ind1=" " ind2=" ">
    <subfield code="a">Phnom Penh </subfield>
    <subfield code="b">Rua </subfield>
    <subfield code="c">2012</subfield>
  </datafield>
  <datafield tag="300" ind1=" " ind2=" ">
    <subfield code="a">viii, 44p.</subfield>
    <subfield code="b">ill.</subfield>
    <subfield code="c">29cm.</subfield>
  </datafield>
  <datafield tag="942" ind1=" " ind2=" ">
    <subfield code="2">ddc</subfield>
    <subfield code="c">AVM</subfield>
  </datafield>
  <datafield tag="999" ind1=" " ind2=" ">
    <subfield code="c">2573</subfield>
    <subfield code="d">2573</subfield>
  </datafield>
  <datafield tag="952" ind1=" " ind2=" ">
    <subfield code="0">0</subfield>
    <subfield code="1">0</subfield>
    <subfield code="2">ddc</subfield>
    <subfield code="4">0</subfield>
    <subfield code="6">AVM_HUC_2012_000000000000000_B0101_OR_1</subfield>
    <subfield code="7">0</subfield>
    <subfield code="9">11917</subfield>
    <subfield code="a">LBB</subfield>
    <subfield code="b">LBB</subfield>
    <subfield code="c">B101</subfield>
    <subfield code="d">2015-10-24</subfield>
    <subfield code="l">2</subfield>
    <subfield code="m">1</subfield>
    <subfield code="o">AVM HUC 2012 B0101 Or.1</subfield>
    <subfield code="p">RUA016658</subfield>
    <subfield code="r">2016-09-12</subfield>
    <subfield code="s">2016-08-25</subfield>
    <subfield code="w">2015-10-24</subfield>
    <subfield code="y">AVM</subfield>
  </datafield>
  <datafield tag="952" ind1=" " ind2=" ">
    <subfield code="0">0</subfield>
    <subfield code="1">0</subfield>
    <subfield code="2">ddc</subfield>
    <subfield code="4">0</subfield>
    <subfield code="6">AVM_HUC_2012_000000000000000_B0101_OR_2</subfield>
    <subfield code="7">0</subfield>
    <subfield code="9">11918</subfield>
    <subfield code="a">LBB</subfield>
    <subfield code="b">LBB</subfield>
    <subfield code="c">B101</subfield>
    <subfield code="d">2015-10-24</subfield>
    <subfield code="o">AVM HUC 2012 B0101 Or.2</subfield>
    <subfield code="p">RUA009658</subfield>
    <subfield code="r">2015-10-24</subfield>
    <subfield code="w">2015-10-24</subfield>
    <subfield code="y">AVM</subfield>
  </datafield>
  <datafield tag="952" ind1=" " ind2=" ">
    <subfield code="0">0</subfield>
    <subfield code="1">0</subfield>
    <subfield code="2">ddc</subfield>
    <subfield code="4">0</subfield>
    <subfield code="6">AVM_HUC_2012_000000000000000_B0101_OR_3</subfield>
    <subfield code="7">0</subfield>
    <subfield code="9">11919</subfield>
    <subfield code="a">LBB</subfield>
    <subfield code="b">LBB</subfield>
    <subfield code="c">B101</subfield>
    <subfield code="d">2015-10-24</subfield>
    <subfield code="o">AVM HUC 2012 B0101 Or.3</subfield>
    <subfield code="p">RUA009802</subfield>
    <subfield code="r">2015-10-24</subfield>
    <subfield code="w">2015-10-24</subfield>
    <subfield code="y">AVM</subfield>
  </datafield>
  <datafield tag="952" ind1=" " ind2=" ">
    <subfield code="0">0</subfield>
    <subfield code="1">0</subfield>
    <subfield code="2">ddc</subfield>
    <subfield code="4">0</subfield>
    <subfield code="6">AVM_HUC_2012_000000000000000_B0101_OR_3</subfield>
    <subfield code="7">0</subfield>
    <subfield code="9">13833</subfield>
    <subfield code="a">LBB</subfield>
    <subfield code="b">LBB</subfield>
    <subfield code="c">B101</subfield>
    <subfield code="d">2015-10-28</subfield>
    <subfield code="l">1</subfield>
    <subfield code="o">AVM HUC 2012 B0101 Or.3</subfield>
    <subfield code="p">RUA019160</subfield>
    <subfield code="r">2017-08-09</subfield>
    <subfield code="s">2017-08-01</subfield>
    <subfield code="w">2015-10-28</subfield>
    <subfield code="y">AVM</subfield>
  </datafield>
  <datafield tag="952" ind1=" " ind2=" ">
    <subfield code="0">0</subfield>
    <subfield code="1">0</subfield>
    <subfield code="2">ddc</subfield>
    <subfield code="4">0</subfield>
    <subfield code="6">AVM_HUC_2012_000000000000000_B0101_OR_3</subfield>
    <subfield code="7">0</subfield>
    <subfield code="9">13834</subfield>
    <subfield code="a">LBB</subfield>
    <subfield code="b">LBB</subfield>
    <subfield code="c">B101</subfield>
    <subfield code="d">2015-10-28</subfield>
    <subfield code="o">AVM HUC 2012 B0101 Or.3</subfield>
    <subfield code="p">RUA019168</subfield>
    <subfield code="r">2015-10-28</subfield>
    <subfield code="w">2015-10-28</subfield>
    <subfield code="y">AVM</subfield>
  </datafield>
  <datafield tag="952" ind1=" " ind2=" ">
    <subfield code="0">0</subfield>
    <subfield code="1">0</subfield>
    <subfield code="2">ddc</subfield>
    <subfield code="4">0</subfield>
    <subfield code="6">AVM_HUC_2012_000000000000000_B0101_OR_4</subfield>
    <subfield code="7">0</subfield>
    <subfield code="9">13835</subfield>
    <subfield code="a">LBB</subfield>
    <subfield code="b">LBB</subfield>
    <subfield code="c">B101</subfield>
    <subfield code="d">2015-10-28</subfield>
    <subfield code="l">9</subfield>
    <subfield code="m">2</subfield>
    <subfield code="o">AVM HUC 2012 B0101 Or.4</subfield>
    <subfield code="p">RUA019358</subfield>
    <subfield code="r">2018-10-05</subfield>
    <subfield code="s">2018-08-15</subfield>
    <subfield code="w">2015-10-28</subfield>
    <subfield code="y">AVM</subfield>
  </datafield>
</record>
